1499 1875 1245 1656 1068 1417 1193 1705 1464 1829 1264 1174 1007 1718 1214 1570 1869 1554 1061 1559 1571 1836 1048 1935 1102 1115 1380 1463 1579 1455 1975 1507 1470 1957 1271 1662 1492 1606 1037 1053 1303 1508 1458 1072 1151 1831 1553 1969 1400 1554 1441 1514 1713 1473 1661 1892 1695 1649 1370 1190 1248 1647 1360 1824 1540 1432 1594 1913 1065 1058 1912 1691 1350 1760 1059 1242 1972 1108 1505 1092 1310 1025 1469 1211 1324 1261 1220 1842 1291 1290 1551 1659 1423 1855 1699 1973 1471 1914 1938 BCNSPRNW ULIB Ver.6.0+V

เปลี่ยนเป็นภาษาไทย

Change to English
 แสดงรายละเอียดบรรณานุกรม
  กลับหน้าหลัก

Brief Record : Get Marc (ISO 2709) : E-mail record : QR code < ปิดหน้าต่าง
LEADER : 00000nam 2200000uu 4500
001    13399127833
003     ULIB
008    211008s2563||||th 000 0 tha d
020    ^a9786165727747
060    ^aWY152^bอ187ก
100    ^aอนุชา ไทยวงษ์
245    ^aกลเม็ดเคล็ด (ไม่) ลับ กับการพยาบาลผู้ใหญ่ by อจอนช/^cอนุชา ไทยวงษ์
250    พิมพ์ครั้งที่ ^a2(ฉบับปรับปรุง)
260    ^aนครราชสีมา :^b^aโคราชอิงค์เจ็ท 2010,^c2563
300    ^a192 หน้า^bภาพประกอบ, ตาราง
505 0  ^a--^tบทที่ 1 การพยาบาลผู้ป่วยที่มีความผิดปกติทางนรีเวช--^tบทที่ 2 การพยาบาลผู้ป่วยที่มีความผิดปกติของหัวใจและหลอดเลือด--^tบทที่ 3 การพยาบาลผู้ป่วยที่มีความผิดปกติของทางเดินหายใจและการแลกเปลี่ยนแก๊ส--^tบทที่ 4 การพยาบาลผู้ป่วยที่มีความผิดปกติของเลือดและส่วนประกอบของเลือด--^tบทที่ 5 การพยาบาลผู้ป่วยที่มีความผิดปกติของต่อมไร้ท่อ--^tบทที่ 6 การพยาบาลผู้ป่วยที่มีความผิดปกติของตา หู คอ และจมูก--^tบทที่ 7 การพยาบาลผู้ป่วยที่มีความผิดปกติของระบบประสาท--^tบทที่ 8 การพยาบาลผู้ป่วยที่มีความผิดปกติของกระดูก ข้อ และกล้ามเนื้อ--^tบทที่ 9 การพยาบาลผู้ป่วยที่มีเซลล์เจริญเติบโตผิดปกติ--^tบทที่ 10 การพยาบาลผู้ป่วยที่มีความผิดปกติของระบบทางเดินปัสสาวะ
505 0  ^a--^tบทที่ 11 การพยาบาลผู้ป่วยที่มีความผิดปกติระบบทางเดินอาหาร--^tบทที่ 12 การพยาบาลผู้ป่วยที่มีความผิดปกติของสมดุลน้ำและเกลือแร่--^tบทที่ 13 การพยาบาลผู้ป่วยที่มีปัญหาโรคเขตร้อน โรคติดต่อ และโรคอุบัติใหม่--^tบทที่ 14 การพยาบาลผู้ป่วยที่มีความผิดปกติของภูมิคุ้มกัน--^tบทที่ 15 การพยาบาลผู้ป่วยฉุกเฉิน บาดเจ็บ และสาธารณภัย
650    ^aการพยาบาลผู้ใหญ่
650  0 ^aผู้ใหญ่
650  0 ^aภูมิคุ้มกัน
945    ^p168^l0^i28953
945    ^p168^l0^i28954
945    ^p168^l0^i28955
945    ^p168^l0^i28956
945    ^p168^l0^i28957
999    ^aกัณชพร จุลอักษร
รายการนี้ยังไม่มีแท็ก
คุณยังไม่ได้ล็อกอิน คุณสามารถมีกิจกรรมร่วมกับเว็บไซต์ได้ แต่ต้องล็อกอินก่อน ::
  ล็อกอิน

รายการสื่อสารสนเทศ

ลำดับที่ ประเภท เลขเรียก/บาร์โค้ด สถานที่ สถานะ
1. หนังสือสำรอง
หนังสือสำรอง
WY152 อ187ก ฉ.1 
  Barcode: 28953
ห้องสมุดวิทยาเขตนครสวรรค์
►หนังสือทั่วไป:l:General Books
บนชั้น
2. วิทยาศาสตร์การแพทย์ และสุขภาพ
วิทยาศาสตร์การแพทย์ และสุขภาพ
WY152 อ187ก ฉ.2 
  Barcode: 28954
ห้องสมุดวิทยาเขตนครสวรรค์
►หนังสือทั่วไป:l:General Books
บนชั้น
3. วิทยาศาสตร์การแพทย์ และสุขภาพ
วิทยาศาสตร์การแพทย์ และสุขภาพ
WY152 อ187ก ฉ.3 
  Barcode: 28955
ห้องสมุดวิทยาเขตนครสวรรค์
►หนังสือทั่วไป:l:General Books
บนชั้น
4. วิทยาศาสตร์การแพทย์ และสุขภาพ
วิทยาศาสตร์การแพทย์ และสุขภาพ
WY152 อ187ก ฉ.4 
  Barcode: 28956
ห้องสมุดวิทยาเขตนครสวรรค์
►หนังสือทั่วไป:l:General Books
บนชั้น
5. วิทยาศาสตร์การแพทย์ และสุขภาพ
วิทยาศาสตร์การแพทย์ และสุขภาพ
WY152 อ187ก ฉ.5 
  Barcode: 28957
ห้องสมุดวิทยาเขตนครสวรรค์
►หนังสือทั่วไป:l:General Books
บนชั้น

รายการใกล้เคียง
    ผู้แต่ง [อนุชา ไทยวงษ์]

    หัวเรื่อง [การพยาบาลผู้ใหญ่]
    หัวเรื่อง [ผู้ใหญ่]
    หัวเรื่อง [ภูมิคุ้มกัน]

BibComment


ยังไม่เคยถูกคอมเมนท์

คอมเมนท์ทรัพยากรรายการนี้
  คอมเมนท์: กลเม็ดเคล็ด ไม่ ..


 Copyright 2026. Bcnsprnw @Library